000 01148nab a22002417a 4500
999 _c5384
_d5384
003 OSt
005 20250307101704.0
008 190603e xxum|||| |||| 00| 0 spa d
040 _cPJ
100 _95766
_aMarquez Chada, Luis Francisco
245 1 0 _aIndexación, orden público y emergencia /
_cLuis Francisco Márquez Chada.
260 _cCiudad Autónoma de Buenos Aires :
_aThomson Reuters La Ley,
_b2024.
300 _ap. 17-26
500 _aCita Online: TR LALEY AR/DOC/1175/2024.
505 _aSumario: I. Introducción.— II. Fin de la emergencia... ¿y de la prohibición de indexar?— III. Orden público.— IV. Análisis de la prohibición de indexar desde la perspectiva de la doctrina de la emergencia.
505 _t¿Te interesa el texto completo? Solicitalo al correo: koha@justierradelfuego.gov.ar
650 0 _94601
_aINFLACIÓN
650 0 _92054
_aEMERGENCIA ECONOMICA
650 0 _93790
_aACTUALIZACIÓN MONETARIA
650 0 _9716
_aORDEN PUBLICO
773 0 _02713
_93170
_dCiudad Autónoma de Buenos Aires : Thomson Reuters La Ley, 2015-
_tRevista Código Civil y Comercial. Nº 3 - Junio 2024
942 _2udc
_cANA